| 000 | 01641nam a2200313 i 4500 | ||
|---|---|---|---|
| 003 | EG-GICUC | ||
| 005 | 20260129205326.0 | ||
| 008 | 260129s1980 ua ||||fr|||| 00| 0 ara d | ||
| 040 |
_a EG-GICUC _bara _c EG-GICUC _d EG-GICUC _erda |
||
| 041 | _aara | ||
| 082 | 0 | 4 |
_221 _a343.314 _bر ء . ؤ |
| 092 | 0 | 4 | _221 |
| 099 | _aLaw1 10 343.314 ر ء . ؤ 3 ed - 1980 | ||
| 100 | 0 |
_aرؤوف عبيد _eمؤلف. |
|
| 245 | 1 | 2 |
_aالمشكلات العملية الهامة في الإجراءات الجنائية. _cتأليف الدكتور رؤوف عبيد. _nالجزء الأول، _pدراسات موسعة فى:- القبض و التفتيش . تكييف الواقعة . تنازع الاختصاص . الرقابة على الدستورية والشرعية . حق الدفاع . العذر القهرى . استظهار قصد القتل . دعوى البلاغ الكاذب . الدعوى المدنية / |
| 250 |
_aطبعة ثالثة منقحة ومزيدة، _bفى ضوء أخر التعديلات واحدث الاحكام. |
||
| 264 | 1 |
_aالقاهرة : _bدار الفكر العربى، _c1980. |
|
| 300 |
_a644 صفحة ; _c24 سم. _bإيضاحيات، صور، مثيليات ؛ |
||
| 336 |
_2rda content _atext |
||
| 337 |
_2rda media _aComputer |
||
| 338 |
_2rda carrier _aOnline Resource |
||
| 504 | _aيشتمل على إرجاعات ببليوجرافية. | ||
| 650 | 1 |
_aالقانون الجنائي _2qrmak |
|
| 650 | 1 |
_aذاتية الإجراءات الجنائية _2qrmak |
|
| 651 | 1 | _2qrmak | |
| 856 | 4 | 0 | _uhttps://fll.law.cu.edu.eg/fulltext/bks/B10-05276.pdf |
| 905 | _a43 | ||
| 942 |
_2ddc _n0 _cBK _e21 |
||
| 999 |
_c60075 _d60075 |
||